Couleurs en chansons - Statistiques

Statistiques générales
  • Ce quiz a été pris 721 fois
  • Le résultat moyen est 18 sur 50
Statistiques - réponses
Interprètes Année Chanson % Correct
Edith Piaf 1945 La vie en rose
96%
Barbara 1970 L'aigle noir
85%
Christophe 1974 Les mots bleus
84%
Jeanne Mas 1986 En rouge et noir
80%
The Beatles 1966 Yellow submarine
80%
Michel Berger 1990 Le paradis blanc
79%
Eddy Mitchell 1980 Couleur menthe à l'eau
73%
Johnny Hallyday 1966 Noir c'est noir
71%
Les Inconnus 1990 Isabelle a les yeux bleus
70%
Michael Jackson 1991 Black or white
66%
Prince 1984 Purple rain
66%
Serge Gainsbourg 1964 Couleur café
66%
Amy Winehouse 2006 Back to Black
57%
Aladdin ( Daniel Lévi & Karine Costa ) 1992 Ce rêve bleu
54%
Isabelle Adjani 1983 Pull marine
54%
The Rolling Stones 1966 Paint it black
47%
Will Smith 1997 Men in black
47%
ACDC 1980 Back in black
40%
Elvis Presley 1956 Blue Suede shoes
40%
Eiffel 65 1999 Blue ( Da ba dee )
39%
Indochine 1985 Tes yeux noirs
36%
Elton John 1982 Blue eyes
35%
Renaud 1981 Banlieue rouge
28%
Bernard Lavilliers & Nicoletta 1983 Idées noires
27%
Fredericks, Goldman & Jones 1993 Rouge
25%
UB40 1983 Red red wine
24%
Muse 2006 Supermassive black hole
23%
Patrick Topaloff & Sim 1978 Où est ma chemise grise?
23%
Dido 2003 White flag
22%
Coldplay 2000 Yellow
18%
Etienne Daho 1988 Bleu comme toi
16%
François Valéry & Sophie Marceau 1981 Dream in blue
16%
Serge Lama 1967 Les ballons rouges
16%
Chris Isaak 1986 Blue hotel
15%
Nino Ferrer 1966 Je voudrais être noir
15%
Joëlle Ursull 1990 White & black blues
14%
Madonna 1986 True blue
14%
Lynda Lemay 1998 Les souliers verts
12%
Visage 1980 Fade to grey
12%
Wiz Khalifa 2010 Black and yellow
12%
Fréhel 1939 La java bleue
10%
Eric Charden 1968 Le monde est gris, le monde est bleu
9%
Thierry Pastor 1985 Sur des musiques noires
9%
Viktor Lazlo 1985 Canoë rose
9%
Donovan 1966 Mellow yellow
6%
Sacha Distel 1980 Le bateau blanc
6%
Graziella de Michèle 1986 Pull-over blanc
5%
Midnight Oil 1990 Blue sky mine
4%
Gorillaz 2005 O green world
2%
Zazie & Dalcan 1998 Rose
2%
Aucun quiz correspondant
Distribution des résultats
% des personnes avec chaque résultat
Percentile par nombre de réponses
Votre historique - résultats
Vous n’avez pas pris ce quiz